000 00728nam a22002297a 4500
999 _c186235
_d186235
005 20220218101404.0
010 _aENG-131666
020 _a9788195391738
_c999.00
035 _aEN-115198
037 _bDBAD
082 _a005.133
100 _aPatra, P. Santosh Kumar
245 _aPython Programming/
_cP. Santosh Kumar Patra et.al.
260 _aHyderabad
_bStudentsHelpline Publishing House Pvt. Ltd.
_c2020
270 _a# 326/C, Level-2, Surneni Nilayam Near B K Guda Park, S R Nagar
_bHyderabad
_e500038
300 _axxviii, 636p.
_c24cm(pbk)
700 _aParveen, Zaheda
700 _aRajalingam, B.
700 _aSatheesh, N.
700 _aPoongothai, T.
942 _2ddc
_cEN
_h005.133
_mPAT